000 00572nam a22001815i 4500
001 168525
003 ES-MaACL
005 20230906213819.0
008 080417s1967 sp |||| | spa d
080 _a159.963.38
100 1 _aMackenzie, Norman.
_975253
245 1 4 _aLos sueños /
_cNorman Mackenzie ; [versión... de Antonio González Grau].
260 _aBarcelona :
_bCaralt,
_c[1967]
300 _a351 p. :
_bil. ;
_c25 cm.
650 1 4 _aSueños-
_xInterpretación.
_917253
700 1 _aGonzález Grau, Antonio.
_9137606
852 _aES-MaACL
_jC-37390
_9R.71394
999 _c168525
_d168525